La responsabilidad de los administradores en la administracin̤ societaria

Detalles Bibliográficos
Autor principal: Ferrǹ Farriol, Josep
Formato: Desconocido
Lenguaje:español
Publicado: Barcelona : Bosch Editor, 2004
Materias:
Acceso en línea:Acceso restringido

MARC

LEADER 00000ny a22000003n 4500
005 20110617140657.0
006 m u
007 cr cn|||||||||
008 200807r2004 sp |||||s|||||||||||spa d
020 |a 9788476987100 
035 |a 390 
040 |a FlNmELB  |c FlNmELB  |d vlex 
050 1 4 |a K1005.4  |b F246 2004eb 
080 |a 347.7 
090 |c 1398  |d 1398 
100 1 |a Ferrǹ Farriol, Josep 
245 1 3 |a La responsabilidad de los administradores en la administracin̤ societaria  |h [Recurso electrn̤ico]  |c Josep Farrǹ Farriol 
256 |a Servicio en ln̕ea 
260 |a Barcelona :  |b Bosch Editor,  |c 2004 
300 |a 11-222 p 
506 1 |a Contenido solo disponible en los productos indicados  |d vLex Global  |d vLex Global (Academic Edition, excluding Law Schools)  |d vLex Global (U.S. Academic Edition, Law Schools)  |d vLex Global (U.S. Academic Edition, excluding Law Schools)  |d vLex Global (Academic Edition, Law Schools) 
650 0 7 |a Responsabilidad patrimonial  |2 Tesauro vLex 
650 0 7 |a Civil  |2 Tesauro vLex 
650 0 7 |a Administracin̤ de la sociedad  |2 Tesauro vLex 
650 0 7 |a Societario  |2 Tesauro vLex 
650 0 7 |a Sociedades  |2 Tesauro vLex 
650 0 7 |a Derecho de sociedades  |2 Tesauro vLex 
650 0 7 |a Administradores  |2 Tesauro vLex 
650 0 7 |a Obligaciones y responsabilidad de los administradores  |2 Tesauro vLex 
650 0 7 |a Responsabilidad de los administradores ante terceros  |2 Tesauro vLex 
740 0 |a vLex Libros (Servicios en ln̕ea) 
856 4 0 |u http://vlex.com/source/390  |z Acceso restringido 
942 |c BOOK